000 00235nam a2200097Ia 4500
005 20251222114351.0
008 251222s1900||||xx |||||||||||||| ||spa||
082 _aDVD0070/T48
245 0 _aElvis Presley: Prisionero del rock:
942 _cDVD
999 _c1246
_d1246